To build a fire and other stories ( For students of English as a foreign language )

Zapisane w:
Opis bibliograficzny
1. autor: London, Jack
Format: Książka
Język:Undetermined
Wydane: Washington, D.C. United States Information Agency 2005
Hasła przedmiotowe:
Etykiety: Dodaj etykietę
Nie ma etykietki, Dołącz pierwszą etykiete!
Thư viện lưu trữ: Trung tâm Học liệu Trường Đại học Cần Thơ
LEADER 00603nam a2200193Ia 4500
001 CTU_125645
008 210402s9999 xx 000 0 und d
082 |a 428.64 
082 |b L847 
100 |a London, Jack 
245 0 |a To build a fire and other stories ( For students of English as a foreign language ) 
245 0 |c Jack London 
260 |a Washington, D.C. 
260 |b United States Information Agency 
260 |c 2005 
650 |a English language,English language 
650 |x Readers,Study and teaching 
904 |i Minh 
980 |a Trung tâm Học liệu Trường Đại học Cần Thơ